=LDR 00000nam 2200000 4500 =001 000805 =005 20250711114155 =035 ##$$a 0010-0725000675 =007 ta =008 250711################a##########0#ind## =020 ##$$a 978-602-244-942-3 =082 ##$$a 398.209 598 =084 ##$$a 398.209 598 SRI c =100 #$$a sri sarastusi =245 1#$$a coba dulu,tora /$c sri sarastuti =250 ##$$a pertama =260 ##$$a jakarta :$b kementrian pendidikan,kebudayaan,riset, dan teknologi,$c 2022 =300 ##$$a 36hlm. : $b ilus. ; $c 17,5x25cm =700 #$$a hutami dwijayanti =990 ##$$a TBM202400814